Cucurbits /

Guardado en:
Autor Principal: Robinson, Richard W. 1930-
Otros Autores: Decker-Walters, D. S.
Formato: Libro
Idioma:English
Publicado: Wallingford, Oxon, U.K. ; New York, N.Y. : CAB International, c1997.
Series:Crop production science in horticulture ; 6
Materias:
Etiquetas: Agregar Etiqueta
Sin Etiquetas, Sea el primero en etiquetar este registro!
LEADER 01258cam a2200265 a 4500
001 EEA.libagro009482
005 20170925133643.0
008 961031s1997####enka#####b####001#0#eng##
020 |a 0851991335 
082 0 0 |a 635.6  |2 20 
100 1 |a Robinson, Richard W.  |q (Richard Warren),  |d 1930- 
245 1 0 |a Cucurbits /  |c R.W. Robinson and D.S. Decker-Walters. 
260 |a Wallingford, Oxon, U.K. ;  |a New York, N.Y. :  |b CAB International,  |c c1997. 
300 |a viii, 226 p. :  |b il. ;  |c 24 cm. 
440 0 |a Crop production science in horticulture ;  |v 6 
504 |a Incluye referencias bibliográficas (p. 207-216) e índice. 
505 0 |a 1. What are cucurbits? -- 2. Evolution and exploitation -- 3. Genetics and breeding -- 4. Major and minor crops -- 5. Cultural requirements -- 6. Fruit and seed production -- 7. Diseases and nematodes -- 8. Insects and spider mites -- Appendix: Common cucurbit names and their scientific name equivalents -- References -- Index. 
650 0 |a Cucurbitaceae  |2 agrovoc 
650 7 |a Cucurbita  |2 agrovoc 
650 7 |a Calabaza (cucurbita)  |2 agrovoc 
650 7 |a Sandía  |2 agrovoc 
650 7 |a Pepino  |2 agrovoc 
650 7 |a Melón  |2 agrovoc 
700 1 |a Decker-Walters, D. S. 
859 |a AR-BbBCA  |b BIB. AGRONOMIA  |h 635.6  |i R663  |p 1998/3416